Relevante busser 2023 (Konseptnavn) - Statistics

General Stats
  • This quiz has been taken 511 times
  • The average score is 9 of 14
Answer Stats
Hint Answer % Correct
Bllindern A G
98%
Stabekk A Brannbuss
89%
Eikeli A Brorpolen
87%
Ohg A Gmanng
79%
Ohg B Bulldåser
76%
Nesbru A Ballpit
73%
Blindern B 28 Busserulls
65%
Stabekk B Sharkdog
65%
Nesbru B Buswankers
61%
Nb A Bruderovet
60%
Nb B Carrera
60%
Ullern A Sting
52%
Eikeli B Villbass
39%
Ullern B Rapture
36%
No matching quizzes found
Score Distribution
Percent of People with Each Score
Percentile by Number Answered
Your Score History
You have not taken this quiz